[Event "Slavik 2003 "]
[Site "?"]
[Date "2003.06.15"]
[Round "3.9"]
[White "Rysavy , Jindoich"]
[Black "Hlavaeek"]
[Result "0-1"]
[WhiteElo "1100"]
[BlackElo "1250"]
[PlyCount "76"]
[EventDate "2003.06.19"]

{1MB, Fritz4.ctg
} 1. e4 e5 2. Nf3 Nc6 3. Nc3 Nf6 4. Bb5 a6 5. Bxc6 dxc6 6.
Nxe5 Qe7 7. d4 c5 8. Be3 cxd4 9. Bxd4 c5 10. O-O cxd4 11. Qxd4 Qd6 12. Rad1
Qxd4 13. Rxd4 Be7 14. Rfd1 O-O 15. Nd5 Nxd5 16. Rxd5 f5 17. f3 fxe4 18. fxe4
Be6 19. R5d3 Rad8 20. a3 Bf6 21. Nf3 Bxb2 22. Rxd8 Bxa3 23. Rxf8+ Bxf8 24. Kf2
a5 25. Ra1 Bb4 26. Ne5 Bc3 27. Ra3 Bxe5 28. Rxa5 Bd4+ 29. Kf3 Kf7 30. Kf4 Kf6
31. g4 b6 32. g5+ Kg6 33. Ra4 Bc3 34. h4 Kh5 35. Ra3 Bd4 36. Rd3 Bc5 37. Rd2 g6
38. Rh2 Bd6+ 0-1

[Event "Slavik 2003"]
[Site "?"]
[Date "2003.06.15"]
[Round "3.10"]
[White "Dubina"]
[Black "Bouda"]
[Result "0-1"]
[WhiteElo "1502"]
[BlackElo "1308"]
[PlyCount "78"]
[EventDate "2003.06.18"]

{1MB, Fritz4.ctg
} 1. e4 c5 2. Nf3 d6 3. d4 cxd4 4. Nxd4 Nf6 5. Nc3 e5 6. Nf3
a6 7. Bg5 Be7 8. Qd3 Qb6 9. Bxf6 Bxf6 10. b3 O-O 11. Be2 Be6 12. O-O Nd7 13.
Rad1 Be7 14. Nd5 Bxd5 15. Qxd5 Nf6 16. Qd3 Qc6 17. Nd2 Rad8 18. f4 d5 19. fxe5
dxe4 20. Qc4 Qxc4 21. Bxc4 Ng4 22. Rfe1 Bb4 23. e6 Rxd2 24. Rxd2 Bxd2 25. Rxe4
Nf6 26. exf7+ Kh8 27. Re7 b5 28. Bd5 g6 29. Bb7 a5 30. Bc6 Kg7 31. Bxb5 Rxf7
32. Rxf7+ Kxf7 33. c4 Bb4 34. Kf2 Ne4+ 35. Ke3 Nc3 36. a4 Ke6 37. Kd4 Kd6 38.
h3 Ne2+ 39. Ke3 Nc1 0-1

[Event "Slavik 2003"]
[Site "?"]
[Date "2003.06.15"]
[Round "3.11"]
[White "Mureek"]
[Black "Slavik, Martin"]
[Result "1-0"]
[WhiteElo "1597"]
[BlackElo "1100"]
[PlyCount "87"]
[EventDate "2003.06.18"]

{1MB, Fritz4.ctg
} 1. d4 d5 2. c4 e5 3. dxe5 Nc6 4. Nf3 dxc4 5. Qxd8+ Nxd8 6.
e4 Be6 7. Nc3 Nc6 8. Be3 O-O-O 9. Be2 Bb4 10. O-O Nge7 11. Ng5 Nxe5 12. Nxe6
fxe6 13. f4 Nd3 14. Rab1 e5 15. f5 Rhf8 16. Bg5 g6 17. Nd5 Rd7 18. Nxb4 Nxb4
19. Bxc4 Nxa2 20. Bxa2 gxf5 21. Be6 Kd8 22. Bxd7 Kxd7 23. Bxe7 Kxe7 24. Rbc1
Kd7 25. Rxf5 Re8 26. Rf7+ Kd6 27. Rfxc7 b5 28. Rxa7 (28. R1c6#) 28... h5 29.
Rb7 Ke6 30. Rxb5 Kf6 31. Rf1+ Ke6 32. Rb6+ Kd7 33. Rf7+ Re7 34. Rb7+ Kd6 35.
Rfxe7 Kc5 36. b4+ Kd4 37. Rbd7+ Kxe4 38. Kf2 Kf5 39. Ke3 h4 40. Rf7+ Kg5 41.
Rd6 Kh5 42. h3 Kg5 43. Ke4 Kh5 44. Rf5# 1-0

[Event "Slavik 2003"]
[Site "?"]
[Date "2003.06.15"]
[Round "3.12"]
[White "Palasek"]
[Black "Danik, Roman"]
[Result "1-0"]
[WhiteElo "1100"]
[BlackElo "1000"]
[PlyCount "65"]
[EventDate "2003.06.18"]

{1MB, Fritz4.ctg
} 1. e4 e5 2. Nf3 Nc6 3. Nc3 Nf6 4. Bb5 a6 5. Ba4 b5 6. Bb3
Bb4 7. O-O O-O 8. d4 exd4 9. Nxd4 Bxc3 10. bxc3 Nxd4 11. cxd4 Nxe4 12. Re1 Nc3
13. Qd3 (13. Qf3) 13... b4 14. Qg3 Bb7 15. Bh6 g6 16. Bxf8 (16. Qe5 Ne2+ 17.
Rxe2 Qf6 18. Qxf6 Bxg2 19. Qg7#) 16... Kxf8 17. Re3 Ne4 18. Qf4 Qf6 19. Rxe4
Qxf4 20. Rxf4 Re8 21. Rxf7+ Kg8 22. Rxd7+ Re6 23. Bxe6+ Kf8 24. Re1 Bc6 25.
Rxc7 Ba4 26. Bb3 Bb5 27. Rxh7 Bc6 28. d5 Be8 29. d6 a5 30. d7 Bxd7 31. Ree7 Bc6
32. Ra7 Ke8 33. Rh8# 1-0

[Event "Slavik 2003"]
[Site "?"]
[Date "2003.06.15"]
[Round "4.1"]
[White "Brazdil"]
[Black "Baeak, Martin"]
[Result "1-0"]
[WhiteElo "2167"]
[BlackElo "1995"]
[PlyCount "41"]
[EventDate "2003.06.18"]

{1MB, Fritz4.ctg
} 1. e4 e5 2. Nf3 Nc6 3. Bb5 a6 4. Ba4 Nf6 5. O-O Be7 6. Re1
b5 7. Bb3 d6 8. c3 O-O 9. h3 Bb7 10. d4 Re8 11. dxe5 Nxe5 12. Bc2 Bf8 13. Nxe5
dxe5 14. Qe2 c5 15. Bg5 Qb6 16. Nd2 c4 17. Rad1 Rad8 18. Nf3 h6 19. Bh4 g5 20.
Bg3 Nh5 21. Bxe5 1-0

[Event "Slavik 2003"]
[Site "?"]
[Date "2003.06.15"]
[Round "4.2"]
[White "Stec"]
[Black "Danik, Libor"]
[Result "1-0"]
[WhiteElo "2055"]
[BlackElo "1949"]
[PlyCount "169"]
[EventDate "2003.06.18"]

{1MB, Fritz4.ctg
} 1. c4 f5 2. g3 Nf6 3. Bg2 e6 4. Qc2 d5 5. cxd5 exd5 6. d3
Bb4+ 7. Nc3 O-O 8. Qb3 Bxc3+ 9. bxc3 c6 10. Nf3 Nbd7 11. O-O Re8 12. Re1 Nc5
13. Qb4 Qb6 14. Rb1 Ncd7 15. Be3 Qxb4 16. Rxb4 a5 17. Rb2 b5 18. Bd4 a4 19. a3
Ng4 20. h3 Nge5 21. Nxe5 Nxe5 22. Kf1 Ng6 23. f4 Bd7 24. h4 Nf8 25. Be5 Ng6 26.
Bd4 Nh8 27. Rc1 Nf7 28. c4 dxc4 29. dxc4 Rac8 30. cxb5 cxb5 31. Rxc8 Rxc8 32.
Rd2 Be8 33. Bd5 Kf8 34. Be6 Rc1+ 35. Kf2 Nh6 36. Bd5 Ng4+ 37. Kg2 g6 38. e4
fxe4 39. Bxe4 Bc6 40. Bxc6 Rxc6 41. Rb2 Rc4 42. Bb6 Kf7 43. Rxb5 Rc3 44. Bd4
Rxa3 45. Rb7+ Ke6 46. Rxh7 Rd3 47. Bh8 a3 48. h5 Rd2+ 49. Kf3 Nh2+ 50. Ke4 gxh5
51. Rh6+ Kf7 52. Rxh5 Nf1 53. Rg5 a2 54. g4 Ng3+ 55. Ke3 Nf1+ 56. Kf3 Nh2+ 57.
Ke4 Rd1 58. Rg7+ Kf8 59. Ra7 Nxg4 60. Rxa2 Re1+ 61. Kf5 Nh6+ 62. Kg6 Ng4 63.
Ra8+ Ke7 64. Ba1 Rg1 65. Ra7+ Ke8 66. Kf5 Ne3+ 67. Ke6 Rg6+ 68. Ke5 Nc4+ 69.
Kf5 Rc6 70. Bd4 Nd6+ 71. Ke5 Nf7+ 72. Kd5 Rc8 73. Bf6 Rc1 74. Re7+ Kf8 75. Ra7
Rd1+ 76. Ke6 Re1+ 77. Kf5 Nd6+ 78. Kg6 Rg1+ 79. Bg5 Ke8 80. Re7+ Kf8 81. Rd7
Nf7 82. Rxf7+ Ke8 83. Re7+ Kf8 84. Rd7 Ke8 85. Rd8# 1-0

[Event "Slavik 2003"]
[Site "?"]
[Date "2003.06.15"]
[Round "4.3"]
[White "Zavodsky"]
[Black "Vymital"]
[Result "1-0"]
[WhiteElo "1773"]
[BlackElo "1863"]
[PlyCount "81"]
[EventDate "2003.06.18"]

{1MB, Fritz4.ctg
} 1. d4 Nf6 2. c4 g6 3. Nc3 Bg7 4. e4 d6 5. Nf3 O-O 6. Be2 e5
7. O-O Nbd7 8. Re1 Re8 9. Bf1 c6 10. Rb1 exd4 11. Nxd4 Nc5 12. f3 a5 13. Be3
Nfd7 14. Qd2 Ne5 15. b3 Qc7 16. Rbd1 Rd8 17. Nc2 Be6 18. Bd4 h5 19. Be3 Kh7 20.
Bd4 Ncd7 21. f4 Bh6 22. h3 Nf8 23. Qf2 c5 24. Be3 Nc6 25. Nb5 Qe7 26. f5 Bc8
27. Bxh6 Kxh6 28. Ne3 Nh7 29. Bd3 Nf6 30. Nd5 Nxd5 31. exd5 Ne5 32. fxg6 fxg6
33. Qe3+ Qg5 34. Qxg5+ Kxg5 35. Nxd6 Nxd3 36. Nf7+ Kf6 37. Rf1+ Bf5 38. Nxd8
Nb2 39. Rd2 Nxc4 40. bxc4 Rxd8 41. g4 1-0

[Event "Slavik 2003"]
[Site "?"]
[Date "2003.06.15"]
[Round "4.5"]
[White "Rozsypalek"]
[Black "Martisek"]
[Result "0-1"]
[WhiteElo "1670"]
[BlackElo "1759"]
[PlyCount "52"]
[EventDate "2003.06.18"]

{1MB, Fritz4.ctg
} 1. e4 e5 2. b3 Nf6 3. h3 Nxe4 4. Qe2 d5 5. Nc3 Nf6 6. Qxe5+
Be7 7. Bb2 O-O 8. O-O-O Nc6 9. Qg3 d4 10. Nb5 a6 11. Na3 b5 12. Bd3 Nb4 13. Kb1
Bd6 14. Qf3 Bd7 15. Be4 Nxe4 16. Qxe4 c5 17. Nf3 Re8 18. Qh4 Qxh4 19. Nxh4 Re2
20. Rhf1 Nd5 21. c4 Nf4 22. d3 Bc6 23. Nc2 Bxg2 24. Nxg2 Nxg2 25. Ne1 Nf4 26.
h4 Rae8 0-1

[Event "Slavik 2003"]
[Site "?"]
[Date "2003.06.15"]
[Round "4.6"]
[White "Petr"]
[Black "Dopita"]
[Result "1/2-1/2"]
[WhiteElo "1649"]
[BlackElo "1401"]
[PlyCount "113"]
[EventDate "2003.06.18"]

{1MB, Fritz4.ctg
} 1. e4 e5 2. Nf3 Nc6 3. d4 exd4 4. Nxd4 Bc5 5. Be3 Qf6 6. c3
Nge7 7. Be2 Qg6 8. Bf3 O-O 9. O-O Nxd4 10. cxd4 Bb6 11. Nc3 Nc6 12. a3 Qf6 13.
Nd5 Qd8 14. b4 Ne7 15. Nxe7+ Qxe7 16. Qb3 d6 17. d5 Bxe3 18. Qxe3 f5 19. Rfe1
fxe4 20. Qxe4 Qxe4 21. Rxe4 Bf5 22. Re7 Rac8 23. Rae1 Rf7 24. h3 Rxe7 25. Rxe7
Kf8 26. Re1 Re8 27. Rc1 Re7 28. a4 Ke8 29. a5 Kd8 30. Kf1 Bd3+ 31. Kg1 Be4 32.
Rc3 Bxf3 33. Rxf3 Ke8 34. Rc3 Kd7 35. f3 Re1+ 36. Kf2 Rd1 37. g4 Rxd5 38. Kg3
Re5 39. f4 Re4 40. Rb3 Ke7 41. b5 Ra4 42. b6 axb6 43. axb6 c6 44. g5 g6 45. Kg4
Ra5 46. h4 Rb5 47. Re3+ Kf7 48. h5 d5 49. Re5 d4 50. Re4 c5 51. Re5 Rxb6 52.
Rxc5 Re6 53. hxg6+ hxg6 54. Rd5 b5 55. Rxd4 Rb6 56. f5 gxf5+ 57. Kxf5 1/2-1/2

[Event "Slavik 2003"]
[Site "?"]
[Date "2003.06.15"]
[Round "4.8"]
[White "Dvooak, Petr"]
[Black "Palasek"]
[Result "1-0"]
[WhiteElo "1604"]
[BlackElo "1100"]
[PlyCount "79"]
[EventDate "2003.06.18"]

{1MB, Fritz4.ctg
} 1. e4 e5 2. Nf3 Nc6 3. Bb5 a6 4. Ba4 Nf6 5. O-O Bb4 6. c3
Bc5 7. d4 exd4 8. cxd4 Bb4 9. Bg5 O-O 10. e5 b5 11. Bc2 h6 12. exf6 hxg5 13.
Nxg5 Qxf6 14. Nh7 Qh6 15. Nxf8 Bd6 16. g3 Kxf8 17. Nc3 Bb7 18. Bb3 Na5 19. Bd5
c6 20. Bg2 Re8 21. Re1 Rd8 22. Qc2 Kg8 23. Re2 Kh8 24. Rae1 g6 25. d5 Kg7 26.
Ne4 Rh8 27. h4 Bb4 28. Rd1 cxd5 29. Ng5 d4 30. Bxb7 Nxb7 31. Rxd4 Bc5 32. Rxd7
Rb8 33. Rxf7+ Kh8 34. Rh7+ Qxh7 35. Nxh7 Kxh7 36. Re6 Bf8 37. Qxg6+ Kh8 38. Rf6
Bc5 39. Rf7 Nd6 40. Rh7# 1-0

[Event "Slavik 2003"]
[Site "?"]
[Date "2003.06.20"]
[Round "5.11"]
[White "Palasek"]
[Black "Rysavy, Jan"]
[Result "1-0"]
[WhiteElo "1100"]
[BlackElo "1250"]
[PlyCount "81"]
[EventDate "2003.06.18"]

{1MB, Fritz4.ctg
} 1. e4 e5 2. Nf3 Nc6 3. Nc3 Nf6 4. Bb5 Bb4 5. O-O d6 6. d3
Bg4 7. Bg5 Qd7 8. Nd5 Nxd5 9. exd5 f6 10. Be3 a6 11. dxc6 bxc6 12. Ba4 O-O 13.
c3 Ba5 14. d4 exd4 15. Qxd4 Bb6 16. Qc4+ Be6 17. Qxc6 Qxc6 18. Bxc6 Rab8 19.
Nd4 Bxd4 20. Bxd4 Rxb2 21. Rfe1 Bxa2 22. c4 Bxc4 23. Bxb2 Kf7 24. Re3 Rb8 25.
Bd4 Rb4 26. h3 Be6 27. Rae1 Ba2 28. Re7+ Kg6 29. R1e3 Rxd4 30. Rg3+ Kh6 31.
Rexg7 Rd1+ 32. Kh2 Rc1 33. Bf3 d5 34. R7g4 Rc4 35. Rxc4 dxc4 36. Bd5 a5 37. Ra3
Bb3 38. Rxa5 c6 39. Bxc6 c3 40. Rc5 c2 41. Be4 1-0

[Event "Slavik 2003"]
[Site "?"]
[Date "2003.06.15"]
[Round "4.9"]
[White "Bouda"]
[Black "Mureek"]
[Result "0-1"]
[WhiteElo "1308"]
[BlackElo "1597"]
[PlyCount "96"]
[EventDate "2003.06.18"]

{1MB, Fritz4.ctg
} 1. c4 Nf6 2. Nf3 g6 3. g3 Bg7 4. Bg2 O-O 5. O-O d6 6. d4 c6
7. Nc3 Nbd7 8. Qc2 e5 9. e3 Re8 10. b3 Qc7 11. Ba3 Nf8 12. Bb2 Bf5 13. e4 Bg4
14. d5 Rad8 15. Nd2 Qc8 16. f3 Bh3 17. Rf2 Bxg2 18. Kxg2 Qd7 19. Ne2 cxd5 20.
cxd5 Rc8 21. Qd3 Qc7 22. Rc1 Qb8 23. Rcf1 N8d7 24. Nc4 Nc5 25. Qe3 Nfd7 26. f4
b5 27. Na5 exf4 28. Qxf4 Bxb2 29. Qxf7+ Kh8 30. Nc6 Qc7 31. Ned4 Rf8 32. Qe7
Rxf2+ 33. Rxf2 Bxd4 34. Nxd4 Qd8 35. Qxd8+ Rxd8 36. Nxb5 Ne5 37. Nxa7 Nxe4 38.
Rb2 Nc3 39. a4 Nxd5 40. Nb5 Nb4 41. Rd2 Ned3 42. Re2 d5 43. Re6 Nc5 44. Nd4
Nxe6 45. Nxe6 Rc8 46. Nd4 Nc2 47. Nb5 d4 48. Kf2 d3 0-1

[Event "Slavik 2003"]
[Site "?"]
[Date "2003.06.14"]
[Round "4.10"]
[White "Antos"]
[Black "Rysavy, Jindoich"]
[Result "1-0"]
[WhiteElo "1513"]
[BlackElo "1100"]
[PlyCount "104"]
[EventDate "2003.06.18"]

{1MB, Fritz4.ctg
} 1. d4 d5 2. c4 Nf6 3. Bg5 e6 4. Nc3 Bb4 5. a3 Bxc3+ 6. bxc3
h6 7. Bxf6 Qxf6 8. Nf3 Nc6 9. e3 Bd7 10. Rb1 O-O-O 11. c5 Ne7 12. Qb3 b6 13.
Ba6+ Kb8 14. Ne5 Nc6 15. Nxd7+ Rxd7 16. Bb5 Na5 17. Qa4 Rdd8 18. O-O c6 19.
Bxc6 Nxc6 20. Qxc6 Rc8 21. Rxb6+ axb6 22. Qxb6+ Ka8 23. Rb1 Qe7 24. Rb5 Qb7 25.
Ra5+ Kb8 26. Qd6+ Qc7 27. Rb5+ Ka8 28. Qa6+ Qa7 29. Qb6 Qxb6 30. Rxb6 Rb8 31.
Ra6+ Kb7 32. Rb6+ Kc7 33. Rb4 Rxb4 34. cxb4 Ra8 35. Kf1 Rxa3 36. g4 Rb3 37. h4
Rxb4 38. Kg2 Kd7 39. Kf3 Ke7 40. h5 g6 41. hxg6 fxg6 42. Kf4 Kf6 43. Kg3 h5 44.
f4 hxg4 45. Kxg4 Rb3 46. Kf3 g5 47. fxg5+ Kxg5 48. Ke2 Kf5 49. Kd2 e5 50. c6
Ra3 51. c7 Ra8 52. dxe5 Kxe5 1-0

[Event "Slavik 2003"]
[Site "?"]
[Date "2003.06.15"]
[Round "4.11"]
[White "Rysavy, Jan"]
[Black "Dubina"]
[Result "0-1"]
[WhiteElo "1250"]
[BlackElo "1502"]
[PlyCount "68"]
[EventDate "2003.06.18"]

{1MB, Fritz4.ctg
} 1. e4 e5 2. Nf3 Nc6 3. Nc3 Nf6 4. Bb5 Bb4 5. d3 d6 6. O-O
O-O 7. Bg5 Bxc3 8. bxc3 h6 9. Bh4 Bd7 10. d4 a6 11. Bxc6 Bxc6 12. dxe5 dxe5 13.
Qxd8 Raxd8 14. Rad1 Rxd1 15. Rxd1 Nxe4 16. Nxe5 Nxc3 17. Rd4 Ne2+ 18. Kf1 Nxd4
19. f3 Nxc2 20. Kf2 f5 21. g4 g5 22. Ng6 gxh4 23. Nxf8 Kxf8 24. gxf5 Bd7 25. f4
Bxf5 26. Kf3 Be6 27. Ke4 Bxa2 28. Ke5 Ke7 29. Kf5 Ne3+ 30. Ke4 Ng2 31. Kf3 Nxf4
32. Kxf4 a5 33. Ke4 a4 34. Kd3 Bb1+ 0-1

[Event "Slavik 2003"]
[Site "?"]
[Date "2003.06.20"]
[Round "5.4"]
[White "Prokopec"]
[Black "Hlavaeek"]
[Result "1/2-1/2"]
[WhiteElo "1680"]
[BlackElo "1250"]
[PlyCount "138"]
[EventDate "2003.06.18"]

{1MB, Fritz4.ctg
} 1. e4 e5 2. Nf3 Nc6 3. Bb5 a6 4. Ba4 Nf6 5. O-O b5 6. Bb3
Nxe4 7. Re1 Nc5 8. Nxe5 Nxe5 9. Rxe5+ Be7 10. Qf3 Nxb3 11. axb3 Rb8 12. Nc3 d6
13. Re1 O-O 14. d3 (14. Qe3 Bg5) 14... Bb7 15. Qe2 Re8 16. Be3 Bg5 17. Qg4 Bxe3
18. fxe3 Re5 19. e4 b4 20. Ne2 d5 21. Ng3 dxe4 22. Nxe4 Qd4+ 23. Kh1 Qxb2 24.
Nf6+ Kh8 25. Nh5 g6 26. Nf4 Rxe1+ 27. Rxe1 Qxc2 28. Qd1 Qxd1 29. Rxd1 Rd8 30.
d4 c5 31. Ne2 Bc6 32. Kg1 Kg7 33. Kf2 a5 34. Ke1 cxd4 35. Nxd4 Re8+ 36. Kf2 Bd5
37. Nf5+ gxf5 38. Rxd5 Ra8 39. Rxf5 a4 40. bxa4 Rxa4 41. Rb5 Ra2+ 42. Kf3 Rb2
43. h4 Kg6 44. g4 h6 45. Rb6+ Kg7 46. h5 b3 47. Ke3 Rb1 48. Kd2 b2 49. Kc2 Rg1
50. Kxb2 Rxg4 51. Rb3 Kf6 52. Rf3+ Ke6 53. Rh3 Kf5 54. Rf3+ Rf4 55. Rg3 Rf2+
56. Kc3 Rh2 57. Rf3+ Ke6 58. Re3+ Kf5 59. Rf3+ Kg5 60. Rxf7 Kxh5 61. Rg7 Kh4
62. Rg1 h5 63. Kd3 Rh3+ 64. Ke2 Rh2+ 65. Kf3 Ra2 66. Kf4 Ra4+ 67. Kf3 Rg4 68.
Rxg4+ hxg4+ 69. Kg2 g3 1/2-1/2

[Event "Level=10'/40+10'/40+0'0. "]
[Site "?"]
[Date "2003.06.20"]
[Round "5.1"]
[White "Brazdil"]
[Black "Stec"]
[Result "1/2-1/2"]
[WhiteElo "2167"]
[BlackElo "2055"]
[PlyCount "54"]
[EventDate "2003.06.21"]

{1MB, Fritz4.ctg
} 1. e4 c5 2. Nf3 d6 3. d4 cxd4 4. Nxd4 Nf6 5. Nc3 a6 6. f3
e5 7. Nb3 Be6 8. Be3 Nbd7 9. Qd2 Qc7 10. g4 Nc5 11. O-O-O h6 12. h4 Be7 13. Be2
O-O-O 14. g5 hxg5 15. hxg5 Nh5 16. Rhg1 g6 17. Nd5 Bxd5 18. Qxd5 Rhf8 19. Nd2
Ne6 20. Nc4 Nhf4 21. Qd2 Qc6 22. Nb6+ Kb8 23. Bxf4 exf4 24. Nd5 Bxg5 25. Nb4
Qb6 26. Nd5 Qc6 27. Nb4 Qb6 1/2-1/2

[Event "Slavik 2003 "]
[Site "?"]
[Date "2003.06.20"]
[Round "5.2"]
[White "Baeak"]
[Black "Zavodsky"]
[Result "1-0"]
[WhiteElo "1995"]
[BlackElo "1773"]
[PlyCount "46"]
[EventDate "2003.06.19"]

{1MB, Fritz4.ctg
} 1. e4 e5 2. Nf3 d6 3. d4 exd4 4. Nxd4 Nf6 5. Nc3 Be7 6. Bc4
O-O 7. O-O Nbd7 8. f4 Re8 9. Qf3 Bf8 10. Nb3 Nb6 11. Bd3 c6 12. h3 Be6 13. Nd4
Bc4 14. Nf5 Bxd3 15. cxd3 Qc7 16. Qg3 g6 17. Qh4 Nh5 18. g4 Ng7 19. Nh6+ Kh8
20. f5 Rad8 21. fxg6 fxg6 22. Nf7+ Kg8 23. Nxd8 Be7 1-0

[Event "Slavik 2003 "]
[Site "?"]
[Date "2003.06.20"]
[Round "5.3"]
[White "Martisek"]
[Black "Konopecky"]
[Result "1-0"]
[WhiteElo "1759"]
[BlackElo "1981"]
[PlyCount "52"]
[EventDate "2003.06.19"]

{1MB, Fritz4.ctg
} 1. e4 c5 2. Nf3 g6 3. d4 Bg7 4. Nc3 cxd4 5. Nxd4 Qb6 6. Nd5
Qxd4 7. Nc7+ Kd8 8. Qxd4 Bxd4 9. Nxa8 b6 10. c3 Be5 11. Be3 Bb7 12. Nxb6 axb6
13. Bxb6+ Bc7 14. Bxc7+ Kxc7 15. f3 f5 16. exf5 gxf5 17. b4 Nf6 18. a4 Nd5 19.
Kd2 f4 20. a5 Na6 21. Be2 Rg8 22. g4 fxg3 23. hxg3 Rxg3 24. Rag1 Rxg1 25. Rxg1
Kd6 26. Rb1 h5 1-0

[Event "Slavik 2003"]
[Site "?"]
[Date "2003.06.20"]
[Round "5.5"]
[White "Danik, Libor"]
[Black "Dopita"]
[Result "1-0"]
[WhiteElo "1949"]
[BlackElo "1401"]
[PlyCount "68"]
[EventDate "2003.06.18"]

{1MB, Fritz4.ctg
} 1. e4 c5 2. Nf3 Nc6 3. d4 cxd4 4. Nxd4 Nf6 5. Nc3 e6 6.
Ndb5 d6 7. Bf4 e5 8. Bg5 Be7 9. Bxf6 gxf6 10. Nd5 O-O 11. Nxe7+ Qxe7 12. Qxd6
Qxd6 13. Nxd6 Rd8 14. O-O-O Nd4 15. Nb5 Nc6 16. Rxd8+ Nxd8 17. Bd3 Be6 18. a3
Nc6 19. Nc7 Rd8 20. Nxe6 fxe6 21. Rd1 Kf7 22. c3 a5 23. f3 Ke7 24. Kc2 b6 25.
b4 axb4 26. axb4 Rh8 27. Kb3 h5 28. Bb5 Rd8 29. Ra1 Kd6 30. Rd1+ Kc7 31. Rxd8
Nxd8 32. h4 Nc6 33. Bxc6 Kxc6 34. g4 hxg4 1-0

[Event "Slavik 2003"]
[Site "?"]
[Date "2003.06.20"]
[Round "5.6"]
[White "Vymital"]
[Black "Dvooak, Petr"]
[Result "1-0"]
[WhiteElo "1863"]
[BlackElo "1604"]
[PlyCount "63"]
[EventDate "2003.06.18"]

{1MB, Fritz4.ctg
} 1. e4 c5 2. Nf3 Nc6 3. d4 cxd4 4. Nxd4 Nf6 5. Nc3 e5 6.
Ndb5 d6 7. Bg5 a6 8. Na3 b5 9. Bxf6 gxf6 10. Nd5 Bg7 11. c3 f5 12. exf5 Bxf5
13. Nc2 O-O 14. Nce3 Be6 15. Bd3 f5 16. O-O Ne7 17. Nxe7+ Qxe7 18. Nxf5 Bxf5
19. Bxf5 Rad8 20. Qd5+ Kh8 21. Bc2 Rf6 22. Rad1 Rh6 23. Rd3 Rc8 24. Rfd1 Rf8
25. Qc6 Qh4 26. Rf3 Qxh2+ 27. Kf1 Qh1+ 28. Ke2 Qh5 29. Rxd6 Rxd6 30. Qxd6 Qg4
31. Qd3 Bh6 32. Qxh7# 1-0

[Event "Slavik 2003 "]
[Site "?"]
[Date "2003.06.20"]
[Round "5.7"]
[White "Rysavy, Jindoich"]
[Black "Rozsypalek"]
[Result "0-1"]
[WhiteElo "1100"]
[BlackElo "1670"]
[PlyCount "44"]
[EventDate "2003.06.19"]

{1MB, Fritz4.ctg
} 1. e4 e6 2. Nf3 b6 3. Nc3 Bb7 4. Bc4 g6 5. d3 Bg7 6. Bg5
Ne7 7. Qd2 a6 8. O-O-O d6 9. Rhe1 Nd7 10. Kb1 h6 11. Bxe7 Qxe7 12. g4 b5 13.
Bb3 c5 14. h4 Nb6 15. a3 Qd7 16. Re2 a5 17. Kc1 b4 18. Nb1 O-O 19. Rde1 Qe7 20.
h5 g5 21. Bc4 Qf6 22. c3 Qxf3 0-1

[Event "Slavik 2003"]
[Site "?"]
[Date "2003.06.20"]
[Round "5.8"]
[White "Mureek"]
[Black "Petr"]
[Result "1/2-1/2"]
[WhiteElo "1597"]
[BlackElo "1649"]
[PlyCount "105"]
[EventDate "2003.06.18"]

{1MB, Fritz4.ctg
} 1. e4 e5 2. Nf3 Nc6 3. Bc4 Nf6 4. d4 Nxd4 5. Nxd4 exd4 6.
O-O d6 7. Qxd4 Be7 8. Nc3 O-O 9. Bg5 Re8 10. Rad1 Bd7 11. Qd3 Ng4 12. Bxe7 Qxe7
13. Nd5 Qd8 14. Rfe1 Ne5 15. Qb3 Be6 16. Ne3 Nxc4 17. Nxc4 Qf6 18. Qd3 Bxc4 19.
Qxc4 Rac8 20. c3 Re5 21. Qa4 a6 22. Rd5 Rce8 23. Qd7 Qe7 24. Qxe7 R8xe7 25.
Rxe5 Rxe5 26. f4 Re8 27. Kf2 f6 28. Re3 Kf7 29. Ke2 Re6 30. Kd3 Ke7 31. g4 Kd7
32. h4 h6 33. Kd4 Re7 34. c4 a5 35. c5 Re6 36. cxd6 Rxd6+ 37. Kc3 Rc6+ 38. Kd2
Rd6+ 39. Rd3 b5 40. e5 Rxd3+ 41. Kxd3 fxe5 42. f5 Kd6 43. Ke4 c6 44. g5 hxg5
45. hxg5 a4 46. Kd3 (46. f6 gxf6 47. gxf6 Ke6 48. f7 Kxf7 49. Kxe5) 46... c5
47. Ke4 b4 48. f6 gxf6 49. gxf6 Ke6 50. f7 Kxf7 51. Kxe5 c4 52. Kd4 c3 53. Kd3
1/2-1/2

[Event "Slavik 2003"]
[Site "?"]
[Date "2003.06.21"]
[Round "6.9"]
[White "Dopita"]
[Black "Palasek"]
[Result "1-0"]
[WhiteElo "1401"]
[BlackElo "1100"]
[PlyCount "55"]
[EventDate "2003.06.18"]

{1MB, Fritz4.ctg
} 1. d4 d5 2. c4 e6 3. Nc3 Nf6 4. Bg5 Bb4 5. cxd5 exd5 6. e3
O-O 7. Nf3 Bg4 8. Be2 Qd6 9. O-O Ne4 10. Bf4 Qg6 11. Nxd5 Bh3 12. Nh4 Qc6 13.
Nxb4 Qf6 14. gxh3 Qxh4 15. Bxc7 Qg5+ 16. Bg3 Nd7 17. Bf3 Nxg3 18. hxg3 Rac8 19.
Rc1 Rce8 20. Qa4 Nb6 21. Qxa7 Re6 22. Rc7 Qf5 23. Bg4 Qb5 24. Bxe6 fxe6 25.
Qxb7 Qxb4 26. Rxg7+ Kh8 27. Rxh7+ Kg8 28. Qg7# 1-0

[Event "Slavik 2003"]
[Site "?"]
[Date "2003.06.20"]
[Round "5.9"]
[White "Dubina"]
[Black "Antos"]
[Result "1-0"]
[WhiteElo "1502"]
[BlackElo "1513"]
[PlyCount "101"]
[EventDate "2003.06.18"]

{1MB, Fritz4.ctg
} 1. e4 d6 2. d4 g6 3. Nf3 Bg7 4. Be2 Nf6 5. Nc3 c6 6. O-O
O-O 7. h3 Re8 8. Bg5 Qc7 9. Qd2 Nbd7 10. Rad1 e5 11. dxe5 dxe5 12. Nh2 Qb6 13.
b3 Nc5 14. Bf3 Be6 15. Be3 Nfd7 16. Na4 Qc7 17. Nxc5 Nxc5 18. Bxc5 Bf8 19. Bxf8
Rxf8 20. Bg4 Rad8 21. Qc3 Bxg4 22. Nxg4 Rxd1 23. Rxd1 f6 24. Qc4+ Kg7 25. Qd3
Rf7 26. Qd8 Qxd8 27. Rxd8 h5 28. Ne3 b5 29. Rc8 Rd7 30. Rxc6 h4 31. Nd5 Rf7 32.
Rc7 Rxc7 33. Nxc7 b4 34. Nd5 a5 35. c3 bxc3 36. Nxc3 f5 37. exf5 gxf5 38. Kf1
Kf6 39. Ke2 f4 40. g3 hxg3 41. fxg3 fxg3 42. Kf3 Kf5 43. Kxg3 e4 44. h4 e3 45.
Kf3 Kg6 46. Kxe3 Kh5 47. Kd4 Kxh4 48. Kc5 Kh3 49. Kb5 Kh2 50. Kxa5 Kh1 51. b4
1-0

[Event "Slavik 2003"]
[Site "?"]
[Date "2003.06.20"]
[Round "5.10"]
[White "Doležal"]
[Black "Danik, Roman"]
[Result "1-0"]
[WhiteElo "1250"]
[BlackElo "1000"]
[PlyCount "93"]
[EventDate "2003.06.18"]

{1MB, Fritz4.ctg
} 1. e4 e5 2. Nf3 Nc6 3. d4 f6 4. Bb5 d6 5. d5 Bd7 6. dxc6
bxc6 7. Bc4 d5 8. exd5 cxd5 9. Bxd5 c6 10. Bxg8 Rxg8 11. Be3 e4 12. Nd4 Rb8 13.
Nb3 Ra8 14. Nc3 f5 15. O-O Be6 16. Qxd8+ Kxd8 17. Bg5+ Be7 18. Rfd1+ Ke8 19.
Bxe7 Kxe7 20. Nc5 Rad8 21. Nxe6 Kxe6 22. Rxd8 Rxd8 23. Rd1 Rb8 24. b3 Rb6 25.
Rd8 g6 26. Ra8 a6 27. Na4 Rb7 28. Rxa6 Rc7 29. Nc5+ Kd5 30. b4 Rc8 31. Nd7 Kd6
32. Nf6 h5 33. a4 Rb8 34. b5 Rc8 35. a5 Kc5 36. Rxc6+ Rxc6 37. bxc6 Kxc6 38. c4
Kb7 39. Nd5 Ka6 40. Nc3 Kxa5 41. Nb5 Kb6 42. Na3 Kc5 43. h3 Kb4 44. g3 Kxa3 45.
c5 Kb4 46. c6 Kb5 47. c7 1-0

[Event "Slavik 2003"]
[Site "?"]
[Date "2003.06.21"]
[Round "6.2"]
[White "Baeak "]
[Black "Stec"]
[Result "1/2-1/2"]
[WhiteElo "1995"]
[BlackElo "2055"]
[PlyCount "67"]
[EventDate "2003.06.18"]

{1MB, Fritz4.ctg
} 1. e4 c5 2. Nc3 Nc6 3. g3 g6 4. Bg2 Bg7 5. Nge2 d6 6. d3 e5
7. Nd5 Nce7 8. Nec3 Be6 9. Nxe7 Nxe7 10. Be3 Qd7 11. Qd2 h5 12. h4 f6 13. a4
O-O 14. Ne2 Rac8 15. c4 Nc6 16. Nc3 Nb4 17. b3 Rce8 18. Na2 Nc6 19. b4 b6 20.
b5 Nd4 21. Nc1 Bg4 22. Bxd4 exd4 23. f3 Be6 24. Ne2 Kh7 25. a5 Bh6 26. Qa2 bxa5
27. Qxa5 Re7 28. O-O Be3+ 29. Kh2 g5 30. hxg5 fxg5 31. b6 axb6 32. Qxb6 h4 33.
Ra6 Rd8 34. Rfa1 1/2-1/2

[Event "Slavik 2003"]
[Site "?"]
[Date "2003.06.21"]
[Round "6.3"]
[White "Martisek"]
[Black "Danik, Libor"]
[Result "1/2-1/2"]
[WhiteElo "1759"]
[BlackElo "1949"]
[PlyCount "44"]
[EventDate "2003.06.18"]

{1MB, Fritz4.ctg
} 1. e4 c5 2. Nf3 Nc6 3. d4 cxd4 4. Nxd4 Nf6 5. Nc3 e5 6.
Ndb5 d6 7. Bg5 a6 8. Na3 b5 9. Bxf6 gxf6 10. Nd5 f5 11. Bd3 Be6 12. c3 Bg7 13.
Nc2 O-O 14. Nce3 f4 15. Nf5 Qg5 16. g3 Bxf5 17. exf5 e4 18. Bc2 Qxf5 19. Nxf4
Ne5 20. O-O Bh6 21. Qe2 d5 22. f3 exf3 1/2-1/2

[Event "Slavik 2003"]
[Site "?"]
[Date "2003.06.21"]
[Round "6.4"]
[White "Konopecky"]
[Black "Rozsypalek"]
[Result "1-0"]
[WhiteElo "1981"]
[BlackElo "1670"]
[PlyCount "59"]
[EventDate "2003.06.18"]

{1MB, Fritz4.ctg
} 1. g3 e6 2. e4 Ne7 3. Bg2 Ng6 4. d4 d6 5. h4 Nd7 6. h5 Ne7
7. Be3 Nb6 8. b3 c6 9. Qd2 d5 10. f3 Bd7 11. a4 a5 12. Nc3 Nec8 13. Nce2 Qc7
14. e5 c5 15. f4 c4 16. Kf2 Ne7 17. g4 Nc6 18. Nf3 Bb4 19. c3 Be7 20. bxc4 Nxc4
21. Qd3 Nd8 22. f5 b5 23. Bf4 Nb2 24. Qb1 Nxa4 25. f6 Bf8 26. fxg7 Bxg7 27. g5
Nb7 28. g6 Nxc3 29. Nxc3 Qxc3 30. Rc1 1-0